| 000 | 00553nam a22001697a 4500 | ||
|---|---|---|---|
| 999 |
_c9074 _d9074 |
||
| 008 | 210322b ||||| |||| 00| 0 eng d | ||
| 040 | _aBMS College of Architecture | ||
| 100 | _aRaipat, Vaidehi | ||
| 245 | _aInternational cruise terminal : " A showcase of Indian heritage | ||
| 300 | _a61p. | ||
| 500 | _a1BM07AT049 | ||
| 502 |
_8B.Arch _NBMS College of Architecture, Visvesvaraya Technological University _aProject report _d2012 |
||
| 650 | _aIndian heritage | ||
| 700 |
_aShobha M N _eGuide |
||
| 700 |
_aK R Madhu Chand _eGuide |
||
| 942 |
_2ddc _cTHE |
||